| 000 | 01293cam a22002651a 4500 | ||
|---|---|---|---|
| 999 |
_c4932 _d4932 |
||
| 001 | 9709863 | ||
| 003 | OSt | ||
| 005 | 20181218100231.0 | ||
| 008 | 820810m19371945nyub b 001 0 eng | ||
| 010 | _a 37020993 | ||
| 035 | _a(OCoLC)8675987 | ||
| 040 |
_aDLC _cOrStbM _dOCoLC _dODaWU _dOCoLC _dTxKT _dDLC |
||
| 042 | _apremarc | ||
| 050 | 0 | 0 |
_aBR145 _b.L3 |
| 082 |
_aREF 270 _bL359H |
||
| 100 | 1 |
_aLatourette, Kenneth Scott, _d1884-1968. |
|
| 245 | 1 | 2 |
_aA history of the expansion of Christianity / _cby Kenneth Scott Latourette. |
| 260 |
_aNew York ; _aLondon : _bHarper & Brothers, _c1937-1945. |
||
| 300 |
_a7 v. : _bmaps (some fold.) ; _c25 cm. |
||
| 504 | _aIncludes bibliographies and indexes. | ||
| 505 | 0 | _a1. The first five centuries -- 2. The thousand years of uncertainty, A.D. 500-A.D. 1500 -- 3. Three centuries of advance, A.D. 1500-A.D. 1800 -- 4. The great century, A.D. 1800-A.D. 1914. Europe and the United States of America -- 5. The great century in the Americas, Australasia, and Africa, A.D. 1800-A.D. 1914 -- 6. The great century in Northern Africa and Asia, A.D. 1800-A.D. 1914 -- 7. Advance through storm, A.D. 1914 and after, with concluding generalizations. | |
| 650 | 0 | _aChurch history. | |
| 906 |
_a7 _bcbc _coclcrpl _du _encip _f19 _gy-gencatlg |
||
| 942 |
_2ddc _cREF |
||